[Event "AUTO-ELITE-1720"]
[Site "http://www.queenalice.com/game.php?id=1447766"]
[Date "2016.11.3"]
[Round "2"]
[White "rheenz"]
[Black "chessprm"]
[Result "1-0"]
[WhiteElo "2575"]
[BlackElo "2306"]

1. e4 c6 2. Nf3 d5 3. e5 Bg4 4. d4 g6 5. Nbd2 h5 6. h3 Bxf3 7. Nxf3 e6 8. Bd3
Nd7 9. O-O Nh6 10. a4 a5 11. b3 Nf5 12. Bxf5 gxf5 13. Bg5 Be7 14. Bxe7 Qxe7 15.
c4 Nb6 16. Qd3 h4 17. Rab1 Qf8 18. c5 Nd7 19. Rfe1 Ke7 20. b4 b6 21. cxb6 Qb8
22. Qa3 Qxb6 23. bxa5+ 1-0

[Event "AUTO-ELITE-1704"]
[Site "http://www.queenalice.com/game.php?id=1460124"]
[Date "2017.1.18"]
[Round "2"]
[White "BEBADO"]
[Black "rheenz"]
[Result "0-1"]
[WhiteElo "2169"]
[BlackElo "2576"]

1. e4 c5 2. Nf3 e6 3. d4 cxd4 4. Nxd4 Nf6 5. Nc3 Nc6 6. Ndb5 d6 7. Bf4 e5 8. Bg5
a6 9. Bxf6 gxf6 10. Na3 f5 11. Nc4 h5 12. Ne3 fxe4 13. Nxe4 f5 14. Nc3 h4 15.
Be2 Be6 16. Bh5+ Kd7 17. O-O Bh6 18. Ncd5 Bxe3 19. fxe3 Rxh5 20. Qxh5 Bxd5 21.
Rxf5 Qb6 22. Qxh4 Rg8 23. Qh3 Rxg2+ 0-1

[Event "AUTO-ELITE-1704"]
[Site "http://www.queenalice.com/game.php?id=1460125"]
[Date "2017.1.18"]
[Round "2"]
[White "rheenz"]
[Black "BEBADO"]
[Result "1-0"]
[WhiteElo "2582"]
[BlackElo "2188"]

1. e4 c5 2. Nf3 Nc6 3. Bb5 d6 4. d4 cxd4 5. Nxd4 Bd7 6. Nc3 Nf6 7. Nxc6 bxc6 8.
Bc4 e6 9. O-O d5 10. Bb3 Be7 11. e5 Ng8 12. a3 Nh6 13. Bxh6 gxh6 14. Qh5 O-O 15.
Qxh6 Kh8 16. Rad1 Rg8 17. g3 Rb8 18. Qe3 Qa5 19. Ne4 Be8 20. Nf6 Bxf6 21. exf6
c5 22. c4 d4 23. Qf3 Ba4 24. Bxa4 Qxa4 25. b4 cxb4 26. axb4 Rxb4 27. Qh5 Rf8 28.
Rxd4 Rxc4 29. Qg4 Rg8 30. Qxg8+ 1-0

[Event "AUTO-ELITE-1704"]
[Site "http://www.queenalice.com/game.php?id=1460126"]
[Date "2017.1.18"]
[Round "2"]
[White "josekasparov"]
[Black "rheenz"]
[Result "1/2-1/2"]
[WhiteElo "2347"]
[BlackElo "2583"]

1. d4 Nf6 2. c4 g6 3. Nc3 d5 4. cxd5 Nxd5 5. e4 Nxc3 6. bxc3 Bg7 7. Bc4 c5 8.
Ne2 Nc6 9. Be3 Qc7 10. Rc1 O-O 11. h4 b5 12. Bd3 Rb8 13. h5 Rd8 14. hxg6 hxg6
15. Qd2 c4 16. Bh6 Bf6 17. Bb1 b4 18. Qe3 bxc3 19. e5 Nxe5 20. dxe5 Bxe5 21. O-O
Bh2+ 22. Kh1 Rb5 23. Qxc3 Be5 24. Qxc4 Qxc4 25. Rxc4 Ba6 26. Ra4 Bc7 27. g4 Ra5
28. Re4 Bb7 29. f3 Bxe4 30. fxe4 g5 31. Rc1 Bb6 32. Kg2 Rd2 33. Kf3 Ra3+ 34. Rc3
Rxc3+ 35. Nxc3 Rh2 36. Bxg5 Rh3+ 37. Ke2 Rxc3 38. Bxe7 Rg3 39. g5 Rg2+ 40. Kd3
Rb2 41. Bc2 Rxa2 42. e5 a5 43. g6 a4 44. gxf7+ Kxf7 45. Bd6 Ba5 46. Bb1 Ra1 47.
Bc2 Ke6 48. Kc4 Bd2 49. Kb5 a3 50. Bb3+ Kd7 51. Kc5 Kd8 52. e6 Bg5 53. Kb4 Bf6
54. Bc4 Be7 55. Bxe7+ Kxe7 56. Bb3 Kd6 57. Bc4 Ke7 1/2-1/2

[Event "AUTO-ELITE-1704"]
[Site "http://www.queenalice.com/game.php?id=1460127"]
[Date "2017.1.18"]
[Round "2"]
[White "rheenz"]
[Black "josekasparov"]
[Result "1-0"]
[WhiteElo "2577"]
[BlackElo "2413"]

1. e4 c5 2. Nf3 d6 3. Bc4 Nf6 4. Nc3 Nc6 5. O-O g6 6. h3 Bg7 7. d3 O-O 8. a4 a6
9. Bg5 h6 10. Be3 Bd7 11. Qd2 Kh7 12. e5 Ne8 13. exd6 exd6 14. d4 cxd4 15. Nxd4
Ne5 16. Bb3 Rc8 17. Rad1 Qh4 18. Nd5 Nf6 19. Nb6 Rc5 20. f4 Bxh3 21. fxe5 Ne4
22. Qe1 Qg4 23. Qe2 Bxe5 24. Rf3 Ng5 25. Bxg5 Bxd4+ 26. Rxd4 Qxd4+ 27. Be3 Qe5
28. Rxh3 f5 29. Nd7 1-0

[Event "AUTO-ELITE-1878"]
[Site "http://www.queenalice.com/game.php?id=1495254"]
[Date "2017.9.19"]
[Round "1"]
[White "TheWatcher"]
[Black "rheenz"]
[Result "0-1"]
[WhiteElo "2255"]
[BlackElo "2580"]

1. e4 e5 2. Nf3 Nc6 3. Bb5 Nf6 4. O-O Nxe4 5. Re1 Nd6 6. a4 Be7 7. Nxe5 Nxb5 8.
axb5 Nxe5 9. Rxe5 d5 10. d4 O-O 11. Nc3 Be6 12. f4 Bd6 13. Re1 Re8 14. Be3 c6
15. Qf3 Bf5 16. bxc6 bxc6 17. Re2 Rb8 18. g4 Be4 19. Nxe4 dxe4 20. Qf2 Qd7 21.
f5 Rxb2 22. c4 Rxe2 23. Qxe2 Bb4 24. Qb2 a5 25. Rf1 c5 26. d5 a4 27. g5 a3 28.
Qa1 Qa4 29. Qa2 Bc3 30. h4 Bd4 31. Bxd4 cxd4 32. Ra1 d3 33. d6 e3 34. g6 e2 35.
gxf7+ Kxf7 0-1

[Event "AUTO-ELITE-1878"]
[Site "http://www.queenalice.com/game.php?id=1495255"]
[Date "2017.9.19"]
[Round "1"]
[White "rheenz"]
[Black "TheWatcher"]
[Result "1-0"]
[WhiteElo "2578"]
[BlackElo "2257"]

1. Nf3 f5 2. g3 Nf6 3. c4 e6 4. Bg2 c6 5. O-O d5 6. d4 Be7 7. Nc3 O-O 8. c5 Nbd7
9. Ng5 Nb8 10. a3 h6 11. Nf3 Nbd7 12. Bf4 Ne4 13. Nxe4 dxe4 14. Ne5 Bf6 15. Nc4
g5 16. Bd6 Rf7 17. f3 e3 18. f4 g4 19. Qd3 Nf8 20. Rac1 Ng6 21. Nxe3 h5 22. Rfe1
Bd7 23. Nc4 h4 24. e4 hxg3 25. hxg3 Rh7 26. exf5 exf5 27. Ne5 Bxe5 28. Qc4+ Kh8
29. dxe5 Nh4 30. e6 1-0

[Event "AUTO-ELITE-1878"]
[Site "http://www.queenalice.com/game.php?id=1495262"]
[Date "2017.9.19"]
[Round "1"]
[White "rheenz"]
[Black "colombHouse"]
[Result "1-0"]
[WhiteElo "2585"]
[BlackElo "2365"]

1. e4 e5 2. Nf3 Nc6 3. Bb5 a6 4. Ba4 Nf6 5. O-O d6 6. Bxc6+ bxc6 7. Re1 c5 8. c3
Be7 9. d4 cxd4 10. cxd4 exd4 11. Nxd4 O-O 12. Nc6 Qd7 13. Nxe7+ Qxe7 14. Bf4 Re8
15. Nc3 Bb7 16. Rc1 Rad8 17. f3 Nh5 18. Be3 Nf6 19. Qb3 Ba8 20. Bf2 Rb8 21. Qc2
h6 22. b3 Rbc8 23. Nd1 d5 24. exd5 Qb4 25. Ne3 Nxd5 26. Nf5 Rcd8 27. h3 h5 28.
Ng3 Qh4 29. Rxe8+ 1-0

[Event "AUTO-ELITE-1878"]
[Site "http://www.queenalice.com/game.php?id=1495263"]
[Date "2017.9.19"]
[Round "1"]
[White "colombHouse"]
[Black "rheenz"]
[Result "0-1"]
[WhiteElo "2371"]
[BlackElo "2581"]

1. d4 d5 2. c4 e6 3. Nf3 Nf6 4. Nc3 Be7 5. Bf4 O-O 6. e3 Nc6 7. cxd5 Nxd5 8. Bg3
Bd6 9. Bd3 h6 10. O-O Nxc3 11. bxc3 b6 12. Qc2 Bb7 13. Bh7+ Kh8 14. Be4 Qe8 15.
a4 Rd8 16. Rfd1 f5 17. Bd3 Qf7 18. Re1 Kg8 19. Qe2 Qe7 20. Rab1 Qf7 21. Rbc1 Qd7
22. Rcd1 Kh8 23. e4 Rde8 24. Nh4 Qf7 25. exf5 exf5 26. Qd2 Bc8 27. Bxd6 cxd6 28.
Bb5 Bd7 29. Qf4 Rxe1+ 0-1

[Event "AUTO-ELITE-2025"]
[Site "http://www.queenalice.com/game.php?id=1540534"]
[Date "2018.8.29"]
[Round "1"]
[White "Norfair"]
[Black "rheenz"]
[Result "1-0"]
[WhiteElo "2537"]
[BlackElo "2575"]

1. e4 e5 2. Nf3 Nc6 3. Bb5 Nf6 4. O-O Nxe4 5. d4 Nd6 6. Bxc6 dxc6 7. dxe5 Nf5 8.
Qxd8+ Kxd8 9. Nc3 Ke8 10. h3 b6 11. a3 Bb7 12. Rd1 h6 13. Bf4 g5 14. Bh2 Rd8 15.
Ne4 Bg7 16. Nf6+ Ke7 17. g4 c5 18. gxf5 Bxf3 19. Re1 Bf8 20. Re3 Bc6 21. Nh5 Rg8
22. e6 f6 23. Bxc7 Rd4 24. Rae1 Bg7 25. c3 Rd2 26. b4 Rc8 27. Bh2 Rg8 28. a4 1-0

[Event "AUTO-ELITE-2025"]
[Site "http://www.queenalice.com/game.php?id=1540535"]
[Date "2018.8.29"]
[Round "1"]
[White "rheenz"]
[Black "Norfair"]
[Result "0-1"]
[WhiteElo "2566"]
[BlackElo "2546"]

1. e4 d6 2. Nf3 Nf6 3. Nc3 c5 4. Bc4 e6 5. O-O a6 6. d4 b5 7. Bd3 cxd4 8. Nxd4
Be7 9. b4 Bb7 10. a4 bxa4 11. Qe2 O-O 12. Nxa4 Nbd7 13. Nb3 Rb8 14. f4 d5 15. e5
Ne4 16. c3 Bc6 17. Bxe4 dxe4 18. Na5 Bb5 19. Qxe4 Bxf1 20. Nc6 Bxg2 21. Qxg2 Qe8
22. Nxb8 Qxb8 23. Be3 Qb5 24. Nb2 Nb8 25. Ra5 Qd7 26. Qe2 Qb7 27. Nd3 Rd8 28.
Nc5 Bxc5 29. Bxc5 h6 0-1

[Event "AUTO-ELITE-2025"]
[Site "http://www.queenalice.com/game.php?id=1540540"]
[Date "2018.8.29"]
[Round "1"]
[White "Seleuco"]
[Black "rheenz"]
[Result "1-0"]
[WhiteElo "2670"]
[BlackElo "2581"]

1. b3 e5 2. Bb2 Nc6 3. e3 Nf6 4. Bb5 e4 5. Ne2 a6 6. Bxc6 dxc6 7. d4 exd3 8.
cxd3 Bb4+ 9. Nbc3 O-O 10. O-O Qe7 11. e4 Bd6 12. Qc2 Re8 13. f3 Qe5 14. g3 Qh5
15. Rad1 Bh3 16. Rf2 Rad8 17. d4 Qg6 18. Qc1 Nh5 19. g4 Be7 20. Kh1 Bg5 21. f4
Nf6 22. fxg5 Nxe4 23. Nxe4 Qxe4+ 24. Kg1 Qxg4+ 25. Ng3 Re7 26. Bc3 Rd5 27. Bd2
Qxd4 28. Re1 Rxe1+ 29. Qxe1 Re5 30. Qc1 Rc5 31. Qb1 Re5 32. Bf4 Re8 33. Qc1 Re7
34. Qd2 Qd5 35. Re2 Rxe2 36. Qxe2 Qd4+ 37. Be3 Qd5 38. Kf2 Be6 39. Bf4 Qa5 40.
Ne4 Qf5 41. Ke3 b5 42. Qd3 1-0

[Event "AUTO-ELITE-2025"]
[Site "http://www.queenalice.com/game.php?id=1540541"]
[Date "2018.8.29"]
[Round "1"]
[White "rheenz"]
[Black "Seleuco"]
[Result "0-1"]
[WhiteElo "2587"]
[BlackElo "2664"]

1. Nf3 Nf6 2. Nc3 d5 3. d4 c5 4. e3 Nc6 5. Be2 e6 6. O-O Be7 7. Ne5 O-O 8. b3
Bd7 9. Bb2 Rc8 10. a3 a6 11. Nxd7 Nxd7 12. Bf3 Qc7 13. Ne2 b5 14. g3 c4 15. Nc3
Rfd8 16. Bg2 Nf6 17. Rb1 Rb8 18. f4 g6 19. g4 h5 20. h3 hxg4 21. hxg4 Bd6 22.
Qe2 Kg7 23. g5 Nh5 24. Qf2 Ne7 25. b4 Nf5 26. Bh3 Nfg3 27. Rfe1 Rh8 28. Bg2 Nf5
29. Bc1 Nhg3 30. e4 Nxe4 31. Nxe4 dxe4 32. Bxe4 Rh3 33. d5 Rbh8 34. Bg2 Rg3 35.
Re3 Bxf4 36. Rxg3 Bxg3 37. Qc5 Bh2+ 38. Kf1 Qg3 39. Qf2 Qe5 40. Qf3 c3 41. Rb3
exd5 42. Rxc3 Re8 0-1

[Event "AUTO-ELITE-2163"]
[Site "http://www.queenalice.com/game.php?id=1586768"]
[Date "2019.10.14"]
[Round "1"]
[White "rheenz"]
[Black "BEBADO"]
[Result "1-0"]
[WhiteElo "2571"]
[BlackElo "2269"]

1. Nf3 Nf6 2. d4 e6 3. g3 c5 4. Bg2 cxd4 5. O-O d5 6. Nxd4 Nc6 7. c4 Bc5 8. Nxc6
bxc6 9. Qc2 Be7 10. Nc3 O-O 11. Rd1 Bb7 12. e4 Qc7 13. exd5 cxd5 14. Nb5 Qc8 15.
Bf4 dxc4 16. Bd6 Bxg2 17. Bxe7 Bh3 18. Bxf8 Qc6 19. f3 Qxb5 20. Ba3 Bf5 21. Qd2
h6 22. Qb4 Qc6 23. Kf2 Nd5 24. Qa5 a6 25. Qc5 Qxc5+ 26. Bxc5 c3 27. bxc3 Nxc3
28. Rd6 a5 29. Bb6 a4 30. Rd8+ Rxd8 31. Bxd8 Kf8 32. Rc1 Nxa2 33. Rc4 a3 34. g4
Bd3 35. Rc7 Kg8 36. Be7 f6 37. Ke3 Bg6 38. Bxa3 e5 39. h4 h5 40. g5 fxg5 41.
hxg5 1-0

[Event "AUTO-ELITE-2163"]
[Site "http://www.queenalice.com/game.php?id=1586769"]
[Date "2019.10.14"]
[Round "1"]
[White "BEBADO"]
[Black "rheenz"]
[Result "0-1"]
[WhiteElo "2239"]
[BlackElo "2558"]

1. d4 Nf6 2. c4 g6 3. Nc3 d5 4. cxd5 Nxd5 5. e4 Nxc3 6. bxc3 Bg7 7. Bc4 c5 8.
Ne2 Nc6 9. Be3 Qc7 10. Rc1 O-O 11. O-O Rd8 12. Qd2 b6 13. Rfd1 Bb7 14. f3 Rac8
15. Qe1 e6 16. Qf2 Qe7 17. dxc5 Ne5 18. Bb3 Nd3 19. Rxd3 Rxd3 20. cxb6 axb6 21.
Bxb6 Ba6 22. Bd4 Rd2 23. Rc2 Rd1+ 0-1

[Event "AUTO-ELITE-2163"]
[Site "http://www.queenalice.com/game.php?id=1586770"]
[Date "2019.10.14"]
[Round "1"]
[White "rheenz"]
[Black "Bruscato"]
[Result "1-0"]
[WhiteElo "2566"]
[BlackElo "2418"]

1. e4 c5 2. Nf3 d6 3. Bc4 e6 4. Nc3 a6 5. a4 Nd7 6. O-O Ngf6 7. d4 cxd4 8. Nxd4
Ne5 9. Bb3 Be7 10. Qe2 Bd7 11. f4 Qb6 12. Be3 Neg4 13. Nxe6 Qxe3+ 14. Qxe3 Nxe3
15. Nc7+ Kd8 16. Nxa8 Nxf1 17. Kxf1 Bc6 18. Bd5 Bxd5 19. Nxd5 Nxe4 20. Nab6 f5
21. Rd1 g6 22. Ke2 h5 23. Rd4 Ke8 24. Rc4 Bd8 25. Rc8 Kf7 26. a5 Re8 27. Nc7 Rf8
28. Rb8 Nc5 29. Ncd5 h4 30. b4 Re8+ 31. Kf3 Bxb6 32. Rxe8 Kxe8 33. Nxb6 Ne6 34.
Ke3 Nc7 35. c4 Ne6 36. Nd5 Nd8 37. Kd4 Nc6+ 38. Kc3 Kf7 39. Ne3 Nd8 40. Nd5 Ne6
41. Kd3 Ke8 42. Ke3 Kd7 43. Ke2 Ke8 44. Kd2 Kd8 45. Ke3 1-0

[Event "AUTO-ELITE-2163"]
[Site "http://www.queenalice.com/game.php?id=1586771"]
[Date "2019.10.14"]
[Round "1"]
[White "Bruscato"]
[Black "rheenz"]
[Result "0-1"]
[WhiteElo "2437"]
[BlackElo "2560"]

1. e4 Nc6 2. d4 d5 3. e5 Bf5 4. Ne2 e6 5. Ng3 Bg6 6. Bd3 f6 7. Bxg6+ hxg6 8.
exf6 gxf6 9. Qg4 Kf7 10. O-O f5 11. Qd1 Qh4 12. h3 Qxd4 13. Nd2 Nf6 14. c3 Qd3
15. Nf3 Qxd1 16. Ng5+ Ke8 17. Rxd1 e5 18. Ne2 Bd6 19. f4 Ke7 20. fxe5 Nxe5 21.
Nf4 c6 22. Re1 Kd7 23. Be3 Nc4 24. Bd4 Bxf4 25. Bxf6 Rhe8 26. Nf3 Bg3 27. Rxe8
Rxe8 28. Bh4 Bxh4 29. Nxh4 Re6 30. Rb1 Ke7 31. Kf2 c5 32. g4 fxg4 33. hxg4 Kf6
34. Nf3 Ra6 35. a3 Rb6 36. b4 Nxa3 37. Ra1 cxb4 38. cxb4 Nb5 39. Kg3 g5 40. Ra5
a6 41. Ra1 Nc3 42. Rf1 Ne4+ 0-1

[Event "AUTO-ELITE-2306"]
[Site "http://www.queenalice.com/game.php?id=1641562"]
[Date "2021.1.26"]
[Round "1"]
[White "rheenz"]
[Black "Sexxy_Bunny"]
[Result "0-1"]
[WhiteElo "2542"]
[BlackElo "2710"]

1. d4 Nf6 2. c4 e6 3. Nf3 d5 4. Nc3 c6 5. e3 Nbd7 6. Bd3 dxc4 7. Bxc4 b5 8. Bd3
Bb7 9. O-O a6 10. a4 b4 11. Ne4 c5 12. Nxf6+ Nxf6 13. Qe2 cxd4 14. exd4 Bd6 15.
Bg5 O-O 16. Ne5 h6 17. Bh4 Be7 18. Rfd1 a5 19. Bb5 Qd5 20. f3 Rfc8 21. Bf2 Qd8
22. Rac1 Nd5 23. Nc6 Bxc6 24. Bxc6 Rab8 25. Rc4 Nb6 26. Rcc1 Rc7 27. Bb5 Rbc8
28. Rxc7 Qxc7 29. Qe4 Qc2 30. Rf1 Bf6 31. Bd3 Qc7 32. Rb1 g6 33. Be3 Nxa4 34.
Bb5 Nb6 35. Bxh6 a4 36. Bf4 Qa7 37. Bd6 a3 38. Bxb4 a2 39. Ra1 Nd5 40. Ba3 Bxd4+
41. Kh1 Ne3 42. h4 Nf5 0-1

[Event "AUTO-ELITE-2306"]
[Site "http://www.queenalice.com/game.php?id=1641563"]
[Date "2021.1.26"]
[Round "1"]
[White "Sexxy_Bunny"]
[Black "rheenz"]
[Result "1-0"]
[WhiteElo "2705"]
[BlackElo "2547"]

1. e4 Nc6 2. Nf3 e5 3. Bb5 Nf6 4. O-O Nxe4 5. d4 Nd6 6. Bxc6 dxc6 7. dxe5 Nf5 8.
Qxd8+ Kxd8 9. Nc3 Ke8 10. h3 b6 11. Rd1 Bb7 12. Bf4 Bb4 13. Ne2 Be7 14. Ned4
Nxd4 15. Nxd4 g5 16. Bg3 Rd8 17. a4 Rd5 18. c4 Rd8 19. a5 bxa5 20. e6 c5 21. Nf5
fxe6 22. Nxe7 Rxd1+ 23. Rxd1 Kxe7 24. Ra1 Kd7 25. Rxa5 Kc6 26. Rxa7 Rd8 27. Ra3
Rd1+ 28. Kh2 h5 29. Re3 Kd7 30. Be5 Rd2 31. f3 g4 32. Kg3 gxf3 33. gxf3 Rc2 34.
f4 Rxc4 35. Kh4 Rc2 36. Kxh5 Ba6 37. Ra3 Be2+ 38. Kh6 Rc1 39. Re3 Bb5 40. h4 Rh1
41. Bf6 Kd6 42. Kg7 Bc4 43. Re5 Rf1 44. Rg5 Kc6 45. Be5 Rh1 46. h5 Bd3 47. h6
Be4 48. Bf6 Kd6 49. Re5 Bd3 50. Rg5 Be4 51. Rg6 1-0